000
00288nam a22001337a 4500
008
170510b xxu||||| |||| 00| 0 eng d
020
_a
9780521618014
041
_a
eng
080
_a
34
100
_a
15
101
_a
SHJ
245
_a
INTERNATIONAL LAW
_c
YONAH.R.A
942
_2
udc
_c
BK
999
_c
13060
_d
13060